000 00485nam a2200193Ia 4500
003 GCL
008 140319s9999 xx 000 0 aRus d
040 _aGCL /
_cGCL
082 0 4 _a863
_bC L
100 1 _aCORTAZAR, JALIO
245 1 0 _aLOS RELATOS:3 POSOYES /
_cCORTAZAR, JALIO
260 _a[S.N] :
_bALIANZA EDITORIAL ،
_c1985
300 _a214P
650 0 4 _aLITERATURE
650 0 4 _aFICTION
650 0 4 _aSPANISH LITERATURE
650 0 4 _aSPANISH FICTION
942 _2ddc
_cBK
999 _c11238
_d11238